[Event "NCL967 Hertford-Northumbria"]
[Site "Rd12"]
[Date "1997.??.??"]
[Round "12.4"]
[White "Cheal, Barry"]
[Black "Wall, Tim"]
[Result "0-1"]
[WhiteElo "2064"]
[BlackElo "2320"]
[PlyCount "88"]
[EventDate "1997.04.27"]
[Source "J.Saunders"]
[SourceDate "1998.06.06"]

1. e4 e6 2. d4 d5 3. exd5 exd5 4. Bd3 Nc6 5. c3 Bd6 6. Be3 Nge7 7. Qc2 Bg4 8.
Nd2 Qd7 9. Ngf3 Bf5 10. O-O-O Bxd3 11. Qxd3 Qf5 12. Kc2 O-O 13. Rde1 Rfe8 14.
Nh4 Qxd3+ 15. Kxd3 Nd8 16. Nf1 Ne6 17. Ng3 g6 18. Ne2 b6 19. g4 c5 20. Ng2 Nc6
21. a3 Rad8 22. h3 Na5 23. Bc1 Nb3 24. Be3 Bf8 25. f4 Ng7 26. Bf2 f6 27. Kc2
Na1+ 28. Kd2 Nb3+ 29. Kc2 Na5 30. dxc5 bxc5 31. Nc1 Ne6 32. Rhf1 Bd6 33. Bh4 g5
34. fxg5 fxg5 35. Bf2 Nc4 36. Ne3 Nf4 37. Nf5 Bf8 38. h4 h6 39. Bg3 Rxe1 40.
Rxe1 Rb8 41. Nb3 Nxb2 42. Bxf4 gxf4 43. Kxb2 c4 44. Nfd4 Bg7 0-1

[Event "NCL967 Hertford-Northumbria"]
[Site "Rd12"]
[Date "1997.??.??"]
[Round "12.5"]
[White "Timmermans, Ivo"]
[Black "Denton, John"]
[Result "1-0"]
[WhiteElo "2275"]
[BlackElo "2008"]
[PlyCount "65"]
[EventDate "1997.04.27"]
[Source "J.Saunders"]
[SourceDate "1998.06.06"]

1. e4 c6 2. d4 d5 3. exd5 cxd5 4. c4 Nf6 5. Nc3 e6 6. Nf3 Be7 7. cxd5 Nxd5 8.
Bd3 Nc6 9. O-O O-O 10. Re1 a6 11. a3 b5 12. Nxd5 Qxd5 13. Be4 Qd6 14. Qc2 Bb7
15. Bxh7+ Kh8 16. d5 Qxd5 17. Be4 Qc5 18. Qe2 Qh5 19. Be3 Na5 20. Bxb7 Nxb7 21.
Rac1 Rac8 22. Qd2 Nd6 23. Rxc8 Rxc8 24. Bg5 Bxg5 25. Qxd6 Bf6 26. h3 Rc2 27.
Ne5 Re2 28. Rxe2 Qxe2 29. Ng4 Bxb2 30. Qf8+ Kh7 31. Qxf7 Bxa3 32. Qh5+ Kg8 33.
Nh6+ 1-0

[Event "NCL967 Bristol-Richmond"]
[Site "Rd12"]
[Date "1997.??.??"]
[Round "12.1"]
[White "Baker, Chris W"]
[Black "Williams, Simon"]
[Result "1-0"]
[WhiteElo "2370"]
[BlackElo "2350"]
[PlyCount "85"]
[EventDate "1997.04.27"]
[Source "J.Saunders"]
[SourceDate "1998.06.06"]

1. e4 c5 2. Nc3 Nc6 3. Nf3 g6 4. d4 cxd4 5. Nxd4 Bg7 6. Be3 Nf6 7. Nxc6 bxc6 8.
e5 Nd5 9. Nxd5 cxd5 10. Qxd5 Rb8 11. Bc4 O-O 12. O-O Qc7 13. f4 d6 14. Bb3 Be6
15. Qf3 dxe5 16. fxe5 Rb4 17. c3 Rh4 18. Bxe6 fxe6 19. Qg3 Rh5 20. Rxf8+ Kxf8
21. Rf1+ Kg8 22. Bd4 Bxe5 23. Bxe5 Qxe5 24. Qxe5 Rxe5 25. Kf2 Rb5 26. b4 Kf7
27. Ke3+ Rf5 28. Rf3 h5 29. Ke4 Ke8 30. Rxf5 exf5+ 31. Ke5 h4 32. Ke6 h3 33. g3
Kd8 34. c4 Kc7 35. a4 Kc6 36. b5+ Kb6 37. Ke5 Kb7 38. c5 Kc7 39. Ke6 Kc8 40. a5
Kc7 41. b6+ axb6 42. axb6+ Kc6 43. b7 1-0

[Event "NCL967 Bristol-Richmond"]
[Site "Rd12"]
[Date "1997.??.??"]
[Round "12.2"]
[White "McShane, Luke"]
[Black "Beaumont, Chris"]
[Result "0-1"]
[WhiteElo "2385"]
[BlackElo "2330"]
[PlyCount "76"]
[EventDate "1997.04.27"]
[Source "J.Saunders"]
[SourceDate "1998.06.06"]

1. e4 c5 2. Nf3 g6 3. d4 Bg7 4. dxc5 Qa5+ 5. c3 Qxc5 6. Be3 Qc7 7. Na3 Nc6 8.
Qa4 a6 9. O-O-O d6 10. e5 dxe5 11. Bb5 Be6 12. Ng5 Bf5 13. g4 Bd7 14. Qb3 Nh6
15. Bc4 O-O 16. Bb6 Qc8 17. f3 e4 18. Nxe4 Ne5 19. Be2 Be6 20. Qb4 f5 21. gxf5
Nxf5 22. Kb1 Nh4 23. Qxe7 Nhxf3 24. Nd6 Qd7 25. Qxd7 Nxd7 26. Bc7 b5 27. Nc2
Nc5 28. Ne1 Ne5 29. Rf1 Rxf1 30. Bxf1 Rf8 31. Nc2 Bg4 32. Re1 Nf3 33. Be2 Nxe1
34. Bxg4 Nxc2 35. Kxc2 Rf2+ 36. Kb1 Nd3 37. Be6+ Kf8 38. Ne4 Re2 0-1

[Event "NCL967 Bristol-Richmond"]
[Site "Rd12"]
[Date "1997.??.??"]
[Round "12.3"]
[White "Burgess, Graham"]
[Black "Wall, Gavin"]
[Result "0-1"]
[WhiteElo "2290"]
[BlackElo "2305"]
[PlyCount "64"]
[EventDate "1997.04.27"]
[Source "J.Saunders"]
[SourceDate "1998.06.06"]

1. d4 f5 2. Bg5 g6 3. Nc3 Nh6 4. e4 Nf7 5. h4 fxe4 6. Nxe4 Bg7 7. Nf3 d5 8. Ng3
Nc6 9. Bb5 Qd6 10. Qe2 Bg4 11. O-O-O Nxg5 12. hxg5 Qf4+ 13. Kb1 Bxf3 14. gxf3
Rd8 15. Qe6 Rd6 16. Qc8+ Kf7 17. Qxc7 Nxd4 18. Rhe1 Qxg5 19. f4 Qh4 20. Bd7
Qxf4 21. c3 Nf3 22. Re3 Ne5 23. Bh3 Rb6 24. Qc5 Rd8 25. Re4 Qf3 26. Bg4 Qxd1+
27. Bxd1 Rxb2+ 28. Ka1 dxe4 29. Bb3+ Kf8 30. Nxe4 Re2 31. Ng5 Re1+ 32. Kb2 Nd3+
0-1

[Event "NCL967 Bristol-Richmond"]
[Site "Rd12"]
[Date "1997.??.??"]
[Round "12.4"]
[White "Johnstone, Paul E"]
[Black "Cole, Roland"]
[Result "1-0"]
[WhiteElo "2295"]
[BlackElo "2215"]
[PlyCount "93"]
[EventDate "1997.04.27"]
[Source "J.Saunders"]
[SourceDate "1998.06.06"]

1. c4 g6 2. e4 Bg7 3. d4 d6 4. Nc3 Nf6 5. Be2 O-O 6. Nf3 e5 7. Be3 Ng4 8. Bg5
f6 9. Bh4 Qe8 10. h3 Nh6 11. Qd2 c6 12. Rd1 Nf7 13. O-O h5 14. dxe5 dxe5 15. b4
Be6 16. b5 Qc8 17. Rfe1 Bh6 18. Qb2 Kg7 19. Bg3 Bf4 20. Bxf4 exf4 21. e5 fxe5
22. Ne4 Qc7 23. Nc5 Re8 24. Nd3 Bf5 25. Nxf4 Kh7 26. Nh4 exf4 27. Nxf5 Qe5 28.
Qxe5 Rxe5 29. Nd6 Nxd6 30. Rxd6 cxb5 31. cxb5 a6 32. Rd8 axb5 33. Kf1 Rxa2 34.
Rxb8 Ra7 35. Bf3 Rxe1+ 36. Kxe1 Ra1+ 37. Kd2 Ra2+ 38. Kd3 Rxf2 39. Rxb7+ Kh6
40. Rxb5 Ra2 41. h4 Ra4 42. Rb6 Kg7 43. Be4 Ra3+ 44. Kd4 Rg3 45. Ke5 Rg4 46.
Rxg6+ Rxg6 47. Bxg6 1-0

[Event "NCL967 Bristol-Richmond"]
[Site "Rd12"]
[Date "1997.??.??"]
[Round "12.6"]
[White "Tan, Desmond"]
[Black "Phillips, Roy"]
[Result "1/2-1/2"]
[WhiteElo "1999"]
[BlackElo "2120"]
[PlyCount "59"]
[EventDate "1997.04.27"]
[Source "J.Saunders"]
[SourceDate "1998.06.06"]

1. e4 c5 2. Nf3 g6 3. c3 Bg7 4. Be2 Nc6 5. O-O e5 6. d3 d5 7. Nbd2 Nge7 8. a3
a5 9. Re1 O-O 10. b3 h6 11. Rb1 Be6 12. b4 axb4 13. axb4 cxb4 14. cxb4 b5 15.
Nb3 f5 16. Nc5 Bf7 17. Bf1 Qc7 18. Bd2 Ra2 19. Qc1 Kh7 20. exf5 gxf5 21. d4 e4
22. Bf4 Qa7 23. Ne5 Nxd4 24. Nxf7 Rxf7 25. Qd1 Nec6 26. Qh5 Nxb4 27. Rxb4 Qxc5
28. Qxf7 Nf3+ 29. Kh1 Qxf2 30. Qxf5+ 1/2-1/2

[Event "NCL967 Bristol-Richmond"]
[Site "Rd12"]
[Date "1997.??.??"]
[Round "12.7"]
[White "Collier, David"]
[Black "Bass, John"]
[Result "1/2-1/2"]
[WhiteElo "2225"]
[BlackElo "1944"]
[PlyCount "46"]
[EventDate "1997.04.27"]
[Source "J.Saunders"]
[SourceDate "1998.06.06"]

1. d4 Nf6 2. Bg5 e6 3. e3 Be7 4. c4 d5 5. Nc3 O-O 6. cxd5 Nxd5 7. Bxe7 Qxe7 8.
Nf3 Nxc3 9. bxc3 c5 10. Bd3 Nd7 11. O-O b6 12. Qc2 h6 13. a4 Bb7 14. Bh7+ Kh8
15. Be4 Bxe4 16. Qxe4 Nf6 17. Qd3 cxd4 18. cxd4 Rac8 19. Rfc1 Rc7 20. Rxc7 Qxc7
21. Ne5 Rc8 22. g3 Kg8 23. Rb1 Qc2 1/2-1/2

[Event "NCL967 Bristol-Richmond"]
[Site "Rd12"]
[Date "1997.??.??"]
[Round "12.8"]
[White "Bates, Ruth"]
[Black "Buckley, Melanie"]
[Result "1/2-1/2"]
[WhiteElo "1880"]
[BlackElo "2040"]
[PlyCount "26"]
[EventDate "1997.04.27"]
[Source "J.Saunders"]
[SourceDate "1998.06.06"]

1. d4 Nf6 2. Bg5 e6 3. Nf3 d5 4. e3 c5 5. c3 Nc6 6. Bd3 Be7 7. Nbd2 cxd4 8.
exd4 Qc7 9. O-O h6 10. Bh4 O-O 11. Re1 Nd7 12. Bxe7 Nxe7 13. Qe2 Nc6 1/2-1/2

[Event "NCL967 Barbican-Na Fianna"]
[Site "Rd12"]
[Date "1997.??.??"]
[Round "12.1"]
[White "Lehtivaara, Petri"]
[Black "Donaldson, John W"]
[Result "1/2-1/2"]
[WhiteElo "2365"]
[BlackElo "2405"]
[PlyCount "54"]
[EventDate "1997.04.27"]
[Source "J.Saunders"]
[SourceDate "1998.06.06"]

1. d4 d5 2. c4 c6 3. Nf3 Nf6 4. e3 g6 5. Be2 Bg7 6. O-O O-O 7. Nc3 Be6 8. cxd5
Bxd5 9. Qc2 Bxf3 10. Bxf3 Nbd7 11. Rd1 e6 12. b3 Nd5 13. Bb2 Nxc3 14. Bxc3 a5
15. Rab1 Qc7 16. b4 axb4 17. Rxb4 Ra7 18. Rdb1 Rfa8 19. a4 Bf8 20. R4b3 b6 21.
Bb4 Bxb4 22. Rxb4 Rc8 23. Rc4 c5 24. h4 h5 25. Qe2 Qd8 26. g3 cxd4 27. Rxd4 Qe7
1/2-1/2

[Event "NCL967 Barbican-Na Fianna"]
[Site "Rd12"]
[Date "1997.??.??"]
[Round "12.2"]
[White "Berry, Steve"]
[Black "Pritchett, Craig"]
[Result "1/2-1/2"]
[WhiteElo "2315"]
[BlackElo "2325"]
[PlyCount "40"]
[EventDate "1997.04.27"]
[Source "J.Saunders"]
[SourceDate "1998.06.06"]

1. e4 c5 2. Nf3 Nc6 3. Bb5 e6 4. O-O Nge7 5. Re1 Ng6 6. c3 d5 7. Qa4 a6 8. exd5
Qxd5 9. d4 Rb8 10. Bc4 Qd6 11. dxc5 Qxc5 12. Bb3 Be7 13. Nbd2 O-O 14. Ne4 Qa5
15. Be3 Qc7 16. Bc5 Bxc5 17. Nxc5 Na5 18. Ne4 Bd7 19. Qb4 Nxb3 20. axb3 Bc6
1/2-1/2

[Event "NCL967 Barbican-Na Fianna"]
[Site "Rd12"]
[Date "1997.??.??"]
[Round "12.3"]
[White "Plueg, Andreas"]
[Black "O'Shaughnessy, Conor"]
[Result "1-0"]
[WhiteElo "2310"]
[BlackElo "2260"]
[PlyCount "100"]
[EventDate "1997.04.27"]
[Source "J.Saunders"]
[SourceDate "1998.06.06"]

1. d4 Nf6 2. Nf3 e6 3. c4 c5 4. e3 d5 5. Nc3 Nc6 6. a3 Ne4 7. Qc2 cxd4 8. exd4
Nxc3 9. Qxc3 dxc4 10. Bxc4 Be7 11. O-O Bf6 12. Rd1 O-O 13. Bf4 Ne7 14. Be5 b6
15. Bxf6 gxf6 16. d5 Nxd5 17. Bxd5 exd5 18. Rd4 Be6 19. Rad1 Qe7 20. Qd3 Rac8
21. Rh4 f5 22. g3 Qf6 23. Nd4 Kh8 24. Rf4 Rg8 25. h3 Qe5 26. Qd2 Rg6 27. Re1
Qg7 28. Kg2 Rg8 29. Qe3 Rc8 30. Qf3 Rc4 31. Nxf5 Rxf4 32. Qxf4 Qf6 33. Nh4 Rh6
34. Qxf6+ Rxf6 35. f4 Bd7 36. Nf3 Rc6 37. Re2 Bf5 38. Nd4 Rf6 39. Re8+ Kg7 40.
g4 Bd7 41. Rd8 Rxf4 42. Ne2 Re4 43. Ng3 Re7 44. Nh5+ Kh6 45. Nf6 Kg7 46. Nxd7
Re2+ 47. Kf3 Rxb2 48. h4 Rb3+ 49. Kf4 Rxa3 50. g5 Kg6 1-0

[Event "NCL967 Barbican-Na Fianna"]
[Site "Rd12"]
[Date "1997.??.??"]
[Round "12.4"]
[White "Lyell, Mark"]
[Black "Sands, David"]
[Result "1/2-1/2"]
[WhiteElo "2235"]
[BlackElo "2260"]
[PlyCount "108"]
[EventDate "1997.04.27"]
[Source "J.Saunders"]
[SourceDate "1998.06.06"]

1. e4 c5 2. c3 d5 3. exd5 Qxd5 4. d4 Nf6 5. Nf3 Nc6 6. dxc5 Qxc5 7. Na3 e5 8.
Nb5 Qe7 9. b3 Bg4 10. Ba3 Qd8 11. Bd6 Rc8 12. Bxf8 Qxd1+ 13. Rxd1 Kxf8 14. Be2
h6 15. h3 Be6 16. Nd6 Rc7 17. Bb5 Bd7 18. Bc4 Be8 19. O-O g6 20. Rfe1 Re7 21.
Nxe8 Nxe8 22. Bd5 f6 23. Bxc6 bxc6 24. Rd8 Rhh7 25. Red1 Re6 26. Ne1 e4 27. Nc2
Rc7 28. Ne3 f5 29. Nc4 Ke7 30. Kf1 f4 31. Ra8 Nf6 32. Rdd8 g5 33. Ke1 h5 34.
Rac8 Rxc8 35. Rxc8 Nd5 36. Ra8 Nxc3 37. Rxa7+ Kf6 38. a4 Nd5 39. Rh7 Kg6 40.
Rd7 Kf5 41. Rf7+ Kg6 42. Rb7 e3 43. a5 exf2+ 44. Kxf2 c5 45. Rb5 g4 46. hxg4
hxg4 47. Rxc5 Nb4 48. Nb2 Re3 49. Rc4 Rxb3 50. Nd1 Kf5 51. Rc5+ Kg6 52. Rc4 Kf5
53. Rc5+ Kg6 54. Rc4 Kf5 1/2-1/2

[Event "NCL967 Barbican-Na Fianna"]
[Site "Rd12"]
[Date "1997.??.??"]
[Round "12.5"]
[White "Twyble, Michael"]
[Black "McMichael, Rick"]
[Result "0-1"]
[WhiteElo "2250"]
[BlackElo "2200"]
[PlyCount "60"]
[EventDate "1997.04.27"]
[Source "J.Saunders"]
[SourceDate "1998.06.06"]

1. d4 e6 2. Nf3 f5 3. g3 Nf6 4. Bg2 d5 5. O-O Bd6 6. Bf4 O-O 7. Bxd6 cxd6 8.
Nbd2 Nc6 9. c4 dxc4 10. Nxc4 Qe7 11. Qb3 Rb8 12. a4 Kh8 13. Qa3 Ne4 14. Rfd1 b6
15. d5 exd5 16. Ne3 Be6 17. Nxd5 Qf7 18. Nb4 Na5 19. Nd4 Nc4 20. Qa2 Rbe8 21.
Nxe6 Qxe6 22. Rac1 Nxf2 23. Kxf2 Qe3+ 24. Kf1 f4 25. Qxc4 fxg3+ 26. Ke1 Rf2 27.
Rd2 Rxg2 28. Kd1 Rg1+ 29. Kc2 Rxc1+ 30. Kxc1 g2 0-1

[Event "NCL967 Barbican-Na Fianna"]
[Site "Rd12"]
[Date "1997.??.??"]
[Round "12.6"]
[White "Mackenzie, Colin"]
[Black "Kenworthy, Gary"]
[Result "0-1"]
[WhiteElo "2096"]
[BlackElo "2275"]
[PlyCount "46"]
[EventDate "1997.04.27"]
[Source "J.Saunders"]
[SourceDate "1998.06.06"]

1. Nf3 g6 2. c4 Bg7 3. Nc3 e5 4. d3 Ne7 5. g3 c6 6. Bg2 d5 7. cxd5 cxd5 8. O-O
O-O 9. Bg5 f6 10. Bd2 Be6 11. Rc1 Nbc6 12. Qa4 Qd7 13. Rfd1 a6 14. Qa3 b5 15.
b4 a5 16. Nxb5 axb4 17. Qb2 Rfb8 18. Rc5 Ra5 19. a4 bxa3 20. Qb1 a2 21. Qb2 Ra6
22. Ne1 Nd4 23. Rc7 Qxc7 0-1

[Event "NCL967 Barbican-Na Fianna"]
[Site "Rd12"]
[Date "1997.??.??"]
[Round "12.7"]
[White "Moore, John C"]
[Black "Connolly, Suzanne"]
[Result "1/2-1/2"]
[WhiteElo "2155"]
[BlackElo "1840"]
[PlyCount "85"]
[EventDate "1997.04.27"]
[Source "J.Saunders"]
[SourceDate "1998.06.06"]

1. e4 c6 2. d4 d5 3. exd5 cxd5 4. Bd3 Nc6 5. c3 Nf6 6. Bf4 Bg4 7. Qb3 Qc8 8.
Nd2 e6 9. Ngf3 Be7 10. O-O O-O 11. Ne5 Bh5 12. Qc2 Bg6 13. Nxg6 hxg6 14. Nf3
Nh5 15. Bd2 Qc7 16. g3 Bd6 17. Rae1 Rfe8 18. Kg2 Rac8 19. Qb1 Nf6 20. Re2 e5
21. dxe5 Nxe5 22. Nxe5 Rxe5 23. Rxe5 Bxe5 24. f4 Bd6 25. f5 gxf5 26. Rxf5 Qc6
27. Qf1 Rc7 28. Bb5 Qb6 29. Bc1 a6 30. Bd3 Qc6 31. Rxf6 gxf6 32. Qf5 Qd7 33.
Qh7+ Kf8 34. Bf5 Qe8 35. Qh6+ Ke7 36. Be3 Qb5 37. Bd4 Qxb2+ 38. Kh3 Be5 39.
Bxe5 fxe5 40. Qg5+ Ke8 41. Qg8+ Ke7 42. Qg5+ Ke8 43. Qg8+ 1/2-1/2

[Event "NCL967 Barbican-Na Fianna"]
[Site "Rd12"]
[Date "1997.??.??"]
[Round "12.8"]
[White "O'Siochru, Mairead"]
[Black "Lang, Heather"]
[Result "1/2-1/2"]
[WhiteElo "1880"]
[BlackElo "2065"]
[PlyCount "78"]
[EventDate "1997.04.27"]
[Source "J.Saunders"]
[SourceDate "1998.06.06"]

1. c4 f5 2. Nc3 Nf6 3. Nf3 d6 4. d4 g6 5. e3 Bg7 6. Bd3 O-O 7. O-O Qe8 8. d5
Na6 9. Rb1 c5 10. a3 Bd7 11. Bd2 h6 12. Qc2 Ng4 13. e4 Ne5 14. Nxe5 dxe5 15. f4
exf4 16. Bxf4 g5 17. Bd2 f4 18. Ne2 Bg4 19. Bc3 e5 20. dxe6 Qxe6 21. Bxg7 Kxg7
22. Rf2 f3 23. Ng3 fxg2 24. Nf5+ Bxf5 25. exf5 Qf6 26. Re1 Rae8 27. Ree2 Nb8
28. Be4 Nc6 29. Bxc6 Qxc6 30. Rxg2 Rxe2 31. Rxe2 Re8 32. Qc3+ Kf7 33. Re5 b6
34. Qe3 Rxe5 35. Qxe5 Qd7 36. Qd5+ Ke8 37. Qg8+ Ke7 38. Qg7+ Kd8 39. f6 Qg4+
1/2-1/2

[Event "NCL967 Midland Mons-Slough"]
[Site "Rd12"]
[Date "1997.??.??"]
[Round "12.1"]
[White "Arkell, Keith"]
[Black "Adams, Michael"]
[Result "1/2-1/2"]
[WhiteElo "2545"]
[BlackElo "2685"]
[PlyCount "65"]
[EventDate "1997.04.27"]
[Source "J.Saunders"]
[SourceDate "1998.06.06"]

1. d4 Nf6 2. Nf3 e6 3. c4 b6 4. g3 Ba6 5. b3 Bb4+ 6. Bd2 Be7 7. Bc3 Ne4 8. Bg2
Nxc3 9. Nxc3 c6 10. d5 O-O 11. O-O exd5 12. cxd5 c5 13. Re1 Bf6 14. Rc1 d6 15.
Nd2 Nd7 16. Nc4 Bxc3 17. Rxc3 f5 18. Bh3 Qc7 19. e4 b5 20. Nd2 b4 21. Rf3 fxe4
22. Nxe4 Rxf3 23. Qxf3 Rf8 24. Qh5 Bd3 25. Bf5 g6 26. Bxg6 hxg6 27. Qxg6+ Kh8
28. Qh6+ Kg8 29. Qg6+ Kh8 30. Qh6+ Kg8 31. Qg5+ Kh8 32. Qh5+ Kg8 33. Qg6+
1/2-1/2

[Event "NCL967 Midland Mons-Slough"]
[Site "Rd12"]
[Date "1997.??.??"]
[Round "12.3"]
[White "Parker, Jonathan"]
[Black "Lalic, Bogdan"]
[Result "0-1"]
[WhiteElo "2470"]
[BlackElo "2565"]
[PlyCount "74"]
[EventDate "1997.04.27"]
[Source "J.Saunders"]
[SourceDate "1998.06.06"]

1. d4 Nf6 2. Bg5 e6 3. e4 h6 4. Bxf6 Qxf6 5. Nc3 Bb4 6. Nge2 d6 7. a3 Ba5 8. b4
Bb6 9. Qd3 O-O 10. Rd1 c6 11. g3 e5 12. Bg2 Nd7 13. f4 a5 14. Rf1 exd4 15. Nxd4
axb4 16. axb4 d5 17. e5 Qe7 18. Rb1 Bxd4 19. Qxd4 f6 20. e6 f5 21. Kf2 Nf6 22.
Kg1 Bxe6 23. Ra1 Rad8 24. Na4 Ne4 25. Nc5 Bc8 26. Nd3 Qc7 27. Ne5 b6 28. Bxe4
fxe4 29. c4 c5 30. bxc5 bxc5 31. Qe3 dxc4 32. Qxe4 Rd4 33. Qe3 Qd6 34. Rae1 Bb7
35. Ng4 Re4 36. Qc3 Qd5 37. Rb1 Re2 0-1

[Event "NCL967 Midland Mons-Slough"]
[Site "Rd12"]
[Date "1997.??.??"]
[Round "12.4"]
[White "Miles, Anthony"]
[Black "Dunnington, Angus"]
[Result "1-0"]
[WhiteElo "2630"]
[BlackElo "2450"]
[PlyCount "89"]
[EventDate "1997.04.27"]
[Source "J.Saunders"]
[SourceDate "1998.06.06"]

1. d4 Nf6 2. Nf3 c5 3. d5 g6 4. Nc3 Bg7 5. e4 O-O 6. a4 d6 7. Be2 Na6 8. O-O
Nc7 9. Bf4 b6 10. Qd2 Bb7 11. Rfe1 a6 12. Rab1 Re8 13. Bc4 Nd7 14. Bh6 Ne5 15.
Nxe5 Bxe5 16. Bf4 Bg7 17. Qd3 Qd7 18. b4 Reb8 19. Rb3 a5 20. bxc5 bxc5 21. Reb1
Qc8 22. Nd1 Ra7 23. Qh3 Qxh3 24. Rxh3 Rba8 25. Rhb3 Bc8 26. Nc3 Bxc3 27. Rxc3
f6 28. Bd2 Ba6 29. Bxa6 Nxa6 30. Rcb3 Nb4 31. c3 Nd3 32. Kf1 c4 33. Rb8+ Kf7
34. Be3 Rxb8 35. Rxb8 Ra6 36. Ke2 Kg7 37. h4 h6 38. g3 g5 39. h5 Kf7 40. Kd2
Kg7 41. Bd4 Kf7 42. Rc8 Ne5 43. Bxe5 fxe5 44. Rxc4 Ra7 45. Rc8 1-0

[Event "NCL967 Midland Mons-Slough"]
[Site "Rd12"]
[Date "1997.??.??"]
[Round "12.5"]
[White "Turner, Matthew"]
[Black "Kosten, Anthony"]
[Result "1/2-1/2"]
[WhiteElo "2425"]
[BlackElo "2525"]
[PlyCount "108"]
[EventDate "1997.04.27"]
[Source "J.Saunders"]
[SourceDate "1998.06.06"]

1. c4 e5 2. g3 Nf6 3. Bg2 c6 4. Nf3 e4 5. Nd4 d5 6. cxd5 Qxd5 7. Nc2 Qh5 8. h3
Bc5 9. b4 Bb6 10. Bb2 Nbd7 11. Nc3 Qg6 12. Ne3 O-O 13. Qc2 Re8 14. O-O h5 15.
b5 Nc5 16. bxc6 bxc6 17. Na4 Nxa4 18. Qxa4 Bd7 19. Rac1 Bxe3 20. dxe3 Nd5 21.
Rfd1 Nb6 22. Qa3 Nd5 23. Qa6 Reb8 24. Ba1 Rb6 25. Qa4 Rb4 26. Qa3 Rb5 27. Rb1
Qe6 28. Rxb5 cxb5 29. Qc5 Bc6 30. Rc1 Be8 31. g4 hxg4 32. hxg4 f6 33. Qd4 Bg6
34. g5 Nb6 35. gxf6 gxf6 36. Rc7 Rc8 37. Rxc8+ Nxc8 38. Qxf6 Qxf6 39. Bxf6 Kf7
40. Bd4 a5 41. Kh2 Ne7 42. f3 Nc6 43. fxe4 Nxd4 44. exd4 b4 45. e5 Ke6 46. Bb7
a4 47. e4 Ke7 48. Ba6 Bxe4 49. Bc4 Bc2 50. d5 b3 51. d6+ Kd7 52. Bb5+ Ke6 53.
Bc4+ Kd7 54. Bb5+ Ke6 1/2-1/2

[Event "NCL967 Midland Mons-Slough"]
[Site "Rd12"]
[Date "1997.??.??"]
[Round "12.6"]
[White "Wells, Peter"]
[Black "Ferguson, Mark"]
[Result "1/2-1/2"]
[WhiteElo "2475"]
[BlackElo "2385"]
[PlyCount "78"]
[EventDate "1997.04.27"]
[Source "J.Saunders"]
[SourceDate "1998.06.06"]

1. d4 d5 2. c4 c6 3. Nc3 Nf6 4. e3 g6 5. Nf3 Bg7 6. Be2 O-O 7. O-O Ne4 8. Qb3
b6 9. cxd5 Nxc3 10. Qxc3 Qxd5 11. Bd2 Bb7 12. Qa3 Re8 13. Rac1 e6 14. Ne1 e5
15. Bc4 Qd7 16. Bc3 exd4 17. Bxd4 Bxd4 18. exd4 Qxd4 19. Nf3 Qf4 20. Rce1 Nd7
21. Rxe8+ Rxe8 22. Qxa7 Qxc4 23. Qxb7 Qd5 24. h3 Re2 25. Qa8+ Kg7 26. Qa3 Nc5
27. Qc3+ Kg8 28. a3 Ne6 29. b4 c5 30. bxc5 Nxc5 31. Re1 Rxe1+ 32. Qxe1 Ne4 33.
Qe3 Qd1+ 34. Kh2 Qd6+ 35. g3 Nc5 36. Qd4 Qxd4 37. Nxd4 Kf8 38. Kg2 Ke7 39. Kf3
Kd6 1/2-1/2

[Event "NCL967 Midland Mons-Slough"]
[Site "Rd12"]
[Date "1997.??.??"]
[Round "12.7"]
[White "Webster, Andrew"]
[Black "Lalic, Susan"]
[Result "1/2-1/2"]
[WhiteElo "2415"]
[BlackElo "2365"]
[PlyCount "56"]
[EventDate "1997.04.27"]
[Source "J.Saunders"]
[SourceDate "1998.06.06"]

1. c4 e6 2. Nf3 d5 3. b3 Nf6 4. g3 c5 5. Bg2 Nc6 6. e3 Be7 7. O-O O-O 8. Bb2 b6
9. Nc3 Bb7 10. cxd5 exd5 11. d4 Ne4 12. dxc5 Nxc3 13. Bxc3 Bxc5 14. Re1 Qd7 15.
Re2 Rfd8 16. Rd2 Qe6 17. Rc1 Rd7 18. Bb2 a5 19. Ne1 d4 20. e4 Ba6 21. Ba3 Nb4
22. Bxb4 axb4 23. Qc2 d3 24. Nxd3 Bxd3 25. Rxd3 Rxd3 26. Qxd3 Rxa2 27. Bf1 Rb2
28. Rb1 Ra2 1/2-1/2

[Event "NCL967 Midland Mons-Slough"]
[Site "Rd12"]
[Date "1997.??.??"]
[Round "12.8"]
[White "Smith, Andrew P"]
[Black "Hunt, Harriet"]
[Result "1-0"]
[WhiteElo "2265"]
[BlackElo "2315"]
[PlyCount "73"]
[EventDate "1997.04.27"]
[Source "J.Saunders"]
[SourceDate "1998.06.06"]

1. e4 c5 2. Nf3 d6 3. d4 cxd4 4. Nxd4 Nf6 5. Nc3 a6 6. Bg5 e6 7. Be2 Be7 8. O-O
O-O 9. Qd3 Nbd7 10. Qg3 Qc7 11. Rad1 b5 12. a3 Bb7 13. Bh6 Ne8 14. f4 Kh8 15.
Bg5 Nef6 16. Bf3 Rab8 17. Kh1 Ba8 18. e5 dxe5 19. fxe5 Ng8 20. Bf4 b4 21. axb4
Rxb4 22. Bxa8 Rxa8 23. Ne4 Qb7 24. Ng5 Bxg5 25. Bxg5 Nc5 26. Bc1 Rf8 27. c3 Rb6
28. Rf4 Ne7 29. Rg4 Rg8 30. Rh4 Nf5 31. Nxf5 exf5 32. Qh3 h6 33. Bxh6 gxh6 34.
Rxh6+ Kg7 35. Rh7+ Kf8 36. Rd8+ Ke7 37. Qh4+ 1-0

[Event "NCL967 BCM-Invicta Kts"]
[Site "Rd12"]
[Date "1997.??.??"]
[Round "12.1"]
[White "Sadler, Matthew"]
[Black "Chandler, Murray"]
[Result "1-0"]
[WhiteElo "2615"]
[BlackElo "2550"]
[PlyCount "127"]
[EventDate "1997.04.27"]
[Source "J.Saunders"]
[SourceDate "1998.06.06"]

1. d4 d5 2. c4 e6 3. Nc3 c5 4. cxd5 exd5 5. Nf3 Nc6 6. g3 Nf6 7. Bg2 Be7 8. O-O
O-O 9. Bg5 cxd4 10. Nxd4 h6 11. Be3 Re8 12. Rc1 Be6 13. Qa4 Qd7 14. Rfd1 Kh8
15. Nb3 Rad8 16. Nc5 Bxc5 17. Bxc5 Bg4 18. Bxd5 Bxe2 19. Bxc6 Bxd1 20. Bxd7
Re1+ 21. Kg2 Bxa4 22. Rxe1 Bxd7 23. Bxa7 Bc6+ 24. Kg1 Rd2 25. Re2 Rd3 26. Re3
Rd2 27. Re2 Rd3 28. Be3 Ne4 29. Nxe4 Bxe4 30. Rd2 Rxd2 31. Bxd2 Bf3 32. h4 Kh7
33. Kf1 Kg6 34. Bc3 f6 35. Bb4 h5 36. Ke1 Kf5 37. Kd2 g5 38. Bc3 Bd5 39. a4 Bc6
40. a5 Bg2 41. Ke3 Bf1 42. Bd4 Bb5 43. b3 Bf1 44. Bc3 Bg2 45. Bb2 Bf1 46. Bc3
Bg2 47. b4 Bf1 48. Bd2 Ke6 49. Ke4 Bb5 50. Kd4 Kd6 51. Ke4 Ke6 52. Bc1 gxh4 53.
gxh4 Be8 54. Bh6 Bg6+ 55. Kd4 Kd6 56. Bg7 Ke6 57. b5 Be8 58. Kc5 Bg6 59. f3 Bd3
60. Kb6 Be2 61. f4 Kf5 62. Kxb7 Bxb5 63. a6 Kg6 64. Bh8 1-0

[Event "NCL967 BCM-Invicta Kts"]
[Site "Rd12"]
[Date "1997.??.??"]
[Round "12.2"]
[White "Mestel, Jonathan"]
[Black "Kumaran, Dharshan"]
[Result "1-0"]
[WhiteElo "2510"]
[BlackElo "2495"]
[PlyCount "54"]
[EventDate "1997.04.27"]
[Source "J.Saunders"]
[SourceDate "1998.06.06"]

1. c4 e6 2. Nf3 d5 3. b3 Nf6 4. g3 Be7 5. Bg2 O-O 6. O-O c5 7. e3 b6 8. Bb2 Bb7
9. Qe2 Nbd7 10. d3 a6 11. Nc3 Rb8 12. Rfe1 dxc4 13. bxc4 b5 14. cxb5 axb5 15.
a4 b4 16. Nb5 Qa5 17. d4 c4 18. Qxc4 Nb6 19. Qc7 Nfd5 20. Qc2 Rfe8 21. Qb3 Nc3
22. Bxc3 bxc3 23. Ne5 Bxg2 24. Kxg2 Nc4 25. Qxc3 Qxc3 26. Nxc3 Rb3 27. Nxc4
Rxc3 1-0

[Event "NCL967 BCM-Invicta Kts"]
[Site "Rd12"]
[Date "1997.??.??"]
[Round "12.3"]
[White "Ward, Chris"]
[Black "Bellin, Robert"]
[Result "0-1"]
[WhiteElo "2460"]
[BlackElo "2375"]
[PlyCount "38"]
[EventDate "1997.04.27"]
[Source "J.Saunders"]
[SourceDate "1998.06.06"]

1. d4 e6 2. c4 f5 3. g3 Nf6 4. Bg2 Be7 5. Nh3 O-O 6. O-O d6 7. Nc3 Qe8 8. e4
fxe4 9. Nxe4 Nxe4 10. Bxe4 e5 11. Ng5 Bxg5 12. Bxg5 Kh8 13. dxe5 dxe5 14. Qd3
Nc6 15. f4 Bh3 16. Bxh7 Nb4 17. Qg6 exf4 18. Rfe1 f3 19. Be3 Qxe3+ 0-1